LEADER 05094nam 2200625Ia 450 001 9910460415103321 005 20200520144314.0 010 $a1-283-09612-9 010 $a9786613096128 010 $a0-300-16302-9 024 7 $a10.12987/9780300163025 035 $a(CKB)2670000000079604 035 $a(EBL)3420659 035 $a(OCoLC)923595638 035 $a(SSID)ssj0000470640 035 $a(PQKBManifestationID)11307609 035 $a(PQKBTitleCode)TC0000470640 035 $a(PQKBWorkID)10413037 035 $a(PQKB)10948425 035 $a(MiAaPQ)EBC3420659 035 $a(DE-B1597)485976 035 $a(OCoLC)1024025636 035 $a(DE-B1597)9780300163025 035 $a(Au-PeEL)EBL3420659 035 $a(CaPaEBR)ebr10451030 035 $a(CaONFJC)MIL309612 035 $a(EXLCZ)992670000000079604 100 $a20100614d2011 uy 0 101 0 $aeng 135 $aur||#|||||||| 181 $ctxt 182 $cc 183 $acr 200 10$aJoseph Brodsky$b[electronic resource] $ea literary life /$fLev Loseff ; translated by Jane Ann Miller 210 $aNew Haven $cYale University Press$dc2011 215 $a1 online resource (350 p.) 300 $aOriginally published: Moscow : Molodaia gvardiia, 2006, under title Iosif Brodskii : Opyt literaturnoi biografii. 300 $aTranslated from the Russian. 311 $a0-300-14119-X 320 $aIncludes bibliographical references and index. 327 $tFront matter --$tContents --$tPreface --$tNote On Translations And Sources --$tChapter One: Home. Parents. First Impressions (War). Heredity. The Lessons Of The City. School Days. Outskirts. Real Education. Brodsky As Jew. --$tChapter Two: First Jobs. Expeditions. Social Status. Early Reading. Winds From The West. Modernism. Poetry. Leningrad Poetry, Late 1950's. Brodsky's Early Verse. Persecution-Prosecution. Umansky And His Circle. Incident In Samarkand. --$tChapter Three: The Beginnings Of A Style. Boris Slutsky: Meter, Rhyme, Composition, Intonation. Leningrad Literary Circles. Evgeniy Rein: The Art Of The Elegy. Akhmatova. Marina Basmanova And New Stanzas To Augusta. --$tChapter Four: Annus Mirabilis, 1964-1965: Ideology. Persecution In Leningrad. Kanatchikov Dacha And "Songs Of A Happy Winter." Arrest And Preliminary Hearing. Pryazhka. The Trial. Support For Brodsky And International Fame. Prison. --$tChapter Five: Annus Mirabilis, 1964-1965: Exile To Norenskaya. Brodsky And Basmanova. Anglo-American Poetry. Epiphany In Norenskaya. Back From Exile. --$tChapter Six: After Exile: 1965-1972. Attempts At Publishing A Book. A Halt In The Desert. Long Poems (1): "Isaac And Abraham." Long Poems (2): "Gorbunov And Gorchakov." Leaving The Ussr. --$tChapter Seven: The World According To Brodsky. Poetry And Politics. Motherland: Us And Them. Brodsky's Asia. Questions Of Faith. The World According To Brodsky (Conclusion). Existentialism. --$tChapter Eight: Arrival In The West: Auden. Brodsky In America. Carl Proffer And Ardis. The End Of A Beautiful Era And A Part Of Speech: A Philosophy Of Prosody. The End Of A Beautiful Era And A Part Of Speech: Publication. Brodsky The Professor. Brodsky In New York. Travels. Friends And Foes. Nonmeetings: Brodsky And Nabokov. Brodsky And Solzhenitsyn Speak To America. Afghanistan And Poland. Brodsky And Solzhenitsyn. --$tChapter Nine: Fame And Fortune. The Politics And Morals Of The American Campus. Brodsky And The Erotic. Urania. Brodsky In English. Essays. The Nobel Prize. --$tChapter Ten: Changes At Home. Democracy ! Busy Years: 1990-1995. Illness. "Being-Toward-Death." Death. --$tNotes --$tSelected Bibliography --$tIndex 330 $aThe work of Joseph Brodsky (1940-1996), one of Russia's great modern poets, has been the subject of much study and debate. His life, too, is the stuff of legend, from his survival of the siege of Leningrad in early childhood to his expulsion from the Soviet Union and his achievements as a Nobel Prize winner and America's poet laureate. In this penetrating biography, Brodsky's life and work are illuminated by his great friend, the late poet and literary scholar Lev Loseff. Drawing on a wide range of source materials, some previously unpublished, and extensive interviews with writers and critics, Loseff carefully reconstructs Brodsky's personal history while offering deft and sensitive commentary on the philosophical, religious, and mythological sources that influenced the poet's work. Published to great acclaim in Russia and now available in English for the first time, this is literary biography of the first order, and sets the groundwork for any books on Brodsky that might follow. 606 $aAuthors, Russian$y20th century$vBiography 608 $aElectronic books. 615 0$aAuthors, Russian 676 $a891.7144 700 $aLosev$b Lev$f1937-2009.$0846707 701 $aMiller$b Jane Ann$0846708 801 0$bMiAaPQ 801 1$bMiAaPQ 801 2$bMiAaPQ 906 $aBOOK 912 $a9910460415103321 996 $aJoseph Brodsky$91891782 997 $aUNINA LEADER 01580nam 2200481I 450 001 9910702722803321 005 20150105094532.0 035 $a(CKB)5470000002430974 035 $a(OCoLC)899210540 035 $a(EXLCZ)995470000002430974 100 $a20150105j201406 ua 0 101 0 $aeng 135 $aurcn||||||||| 181 $ctxt$2rdacontent 182 $cc$2rdamedia 183 $acr$2rdacarrier 200 10$aYield behavior of solution treated and aged Ti-6A1-4V /$fAndrew J. Ring [and three others] 210 1$aCleveland, Ohio :$cNational Aeronautics and Space Administration, Glenn Research Center,$dJune 2014. 215 $a1 online resource (11 pages) $ccolor illustrations 225 1 $aNASA/TM ;$v2014-218322 300 $aTitle from title screen (viewed Dec. 31, 2014). 300 $a"June 2014." 320 $aIncludes bibliographical references (page 11). 606 $aTitanium alloys$2nasat 606 $aLoads (forces)$2nasat 606 $aYield strength$2nasat 606 $aDesign analysis$2nasat 606 $aPlastic deformation$2nasat 606 $aUnloading$2nasat 615 7$aTitanium alloys. 615 7$aLoads (forces) 615 7$aYield strength. 615 7$aDesign analysis. 615 7$aPlastic deformation. 615 7$aUnloading. 700 $aRing$b Andrew J.$01400424 712 02$aNASA Glenn Research Center, 801 0$bGPO 801 1$bGPO 906 $aBOOK 912 $a9910702722803321 996 $aYield behavior of solution treated and aged Ti-6A1-4V$93467328 997 $aUNINA LEADER 02948nam 2200649 450 001 9910787514103321 005 20230803031346.0 010 $a1-61811-253-8 024 7 $a10.1515/9781618112538 035 $a(CKB)2670000000422034 035 $a(EBL)3110524 035 $a(SSID)ssj0001140890 035 $a(PQKBManifestationID)11993283 035 $a(PQKBTitleCode)TC0001140890 035 $a(PQKBWorkID)11223539 035 $a(PQKB)10717460 035 $a(MiAaPQ)EBC3110524 035 $a(DE-B1597)540965 035 $a(OCoLC)860923256 035 $a(DE-B1597)9781618112538 035 $a(Au-PeEL)EBL3110524 035 $a(CaPaEBR)ebr10761672 035 $a(CaONFJC)MIL530381 035 $a(OCoLC)922977927 035 $a(EXLCZ)992670000000422034 100 $a20131008d2013 uy 0 101 0 $aeng 135 $aurnn#---|u||u 181 $ctxt 182 $cc 183 $acr 200 10$aJewish customs of Kabbalistic origin $etheir history and practice /$fMorris M. Faierstein 210 1$aBrighton, Massachussetts :$cAcademic Studies Press,$d2013. 210 4$dİ2013 215 $a1 online resource (190 p.) 225 1 $aEmunot: Jewish Philosophy and Kabbalah 300 $aDescription based upon print version of record. 311 0 $a1-61811-252-X 320 $aIncludes bibliographical references and index. 327 $tFront matter --$tTABLE OF CONTENTS --$tPREFACE --$tACKNOWLEDGMENTS --$tINTRODUCTION --$tTHE SYNAGOGUE --$tTALIT AND TEFILLIN --$tPRAYERS AND BLESSINGS --$tSABBATH CUSTOMS --$tSUKKOT --$tMINOR OBSERVANCES --$tTIKKUNIM --$tAPPENDIX --$tGLOSSARY --$tBIBLIOGRAPHY --$tINDEX OF CITATIONS 330 $aJewish religious practice has been transformed by the Kabbalists of Safed in the sixteenth century. They brought new meaning and importance to many Biblical and rabbinic commandments and created new rituals that have become central practices for Jews of all denominations. This volume describes the origins of these traditions and explains the mystical meaning of these specific practices and rituals. Some of these innovations include: Kabbalat Shabbat, inviting the Ushpizin to the Sukkah, Tikkun Leyl Shavuot, and visitation to the grave of Rabbi Simeon bar Yohai on Lag Be-Omer. This volume is written in a style accessible to the non-specialist in Kabbalah and the Jewishly knowledgeable general reader. 410 0$aEmunot. 606 $aJudaism$xCustoms and practices$xHistory 606 $aFasts and feasts$xJudaism 606 $aCabala$xInfluence 615 0$aJudaism$xCustoms and practices$xHistory. 615 0$aFasts and feasts$xJudaism. 615 0$aCabala$xInfluence. 676 $a296.44 700 $aFaierstein$b Morris M$01551427 801 0$bMiAaPQ 801 1$bMiAaPQ 801 2$bMiAaPQ 906 $aBOOK 912 $a9910787514103321 996 $aJewish customs of Kabbalistic origin$93826941 997 $aUNINA